[Event "GX Alekhine Open de Inverno 2023"]
[Site "Lisboa, Portugal"]
[Date "????.??.??"]
[Round "7.4"]
[White "GonÃ§alves, Carlos Manuel Marqu"]
[Black "Curado, Manuel Joao Ferro"]
[Result "0-1"]
[WhiteElo "1505"]
[BlackElo "1713"]
[PlyCount "92"]
[Source "Analyze This Pro"]

1. Nf3 {[%emt 0:05:35]} Nf6 {[%emt 0:00:08]} 2. g3 {[%emt 0:00:30]} g6 {[%emt 0:00:11]} 3. Bg2 {[%emt 0:00:15]} Bg7 {[%emt 0:00:08]} 4. O-O {[%emt 0:00:22]} O-O {[%emt 0:00:04]} 5. d3 {[%emt 0:00:09]} d5 {[%emt 0:01:03]} 6. c3 {[%emt 0:00:38]} c5 {[%emt 0:07:27]} 7. Nbd2 {[%emt 0:00:11]} Nc6 {[%emt 0:02:58]} 8. Re1 {[%emt 0:00:07]} e5 {[%emt 0:05:05]} 9. e4 {[%emt 0:00:08]} Re8 {[%emt 0:00:38]} 10. exd5 {[%emt 0:00:43]} Nxd5 {[%emt 0:00:31]} 11. Nc4 {[%emt 0:01:36]} Nb6 {[%emt 0:12:21]} 12. Ne3 {[%emt 0:00:44]} Be6 {[%emt 0:01:19]} 13. h4 {[%emt 0:00:28]} h6 {[%emt 0:06:13]} 14. Qc2 {[%emt 0:03:15]} Qd7 {[%emt 0:01:27]} 15. Kh2 Rad8 {[%emt 0:03:08]} 16. Rd1 f5 17. Bh3 f4 {[%emt 0:27:39]} 18. Bxe6+ {[%emt 0:01:00]} Qxe6 {[%emt 0:04:22]} 19. gxf4 {[%emt 0:05:36]} exf4 {[%emt 0:00:27]} 20. Ng2 {[%emt 0:00:18]} Qg4 {[%emt 0:00:23]} 21. Ng1 {[%emt 0:05:07]} f3 {[%emt 0:02:31]} 22. Nxf3 {[%emt 0:02:22]} Qxf3 {[%emt 0:00:14]} 23. Bf4 {[%emt 0:00:20]} Re2 {[%emt 0:12:16]} 24. Rd2 {[%emt 0:01:12]} Rde8 {[%emt 0:02:14]} 25. Bg3 {[%emt 0:00:32]} Ne5 {[%emt 0:06:12]} 26. Rf1 {[%emt 0:03:07]} Ng4+ {[%emt 0:02:17]} 27. Kg1 {[%emt 0:01:09]} Rxd2 {[%emt 0:02:43]} 28. Qxd2 {[%emt 0:00:19]} Qe2 {[%emt 0:04:21]} 29. Qd1 {[%emt 0:03:01]} Qxd1 {[%emt 0:00:27]} 30. Rxd1 {[%emt 0:00:01]} Re2 {[%emt 0:00:29]} 31. Rb1 {[%emt 0:01:24]} Kf7 {[%emt 0:02:37]} 32. a3 {[%emt 0:00:36]} Na4 {[%emt 0:00:41]} 33. Kf1 {[%emt 0:00:43]} Rxb2 {[%emt 0:00:49]} 34. Rxb2 {[%emt 0:00:38]} Nxb2 {[%emt 0:00:03]} 35. f3 {[%emt 0:00:47]} Ne5 {[%emt 0:00:42]} 36. Bxe5 {[%emt 0:00:31]} Bxe5 {[%emt 0:00:04]} 37. d4 {[%emt 0:01:09]} cxd4 {[%emt 0:00:05]} 38. cxd4 {[%emt 0:00:06]} Bxd4 {[%emt 0:00:15]} 39. Ke2 {[%emt 0:00:02]} Bc5 {[%emt 0:00:25]} 40. Kd2 {[%emt 0:00:33]} Bxa3 {[%emt 0:00:18]} 41. Kc2 {[%emt 0:00:03]} Nc4 {[%emt 0:00:19]} 42. Kb3 {[%emt 0:00:12]} b5 {[%emt 0:00:10]} 43. Nf4 {[%emt 0:00:35]} Bd6 {[%emt 0:00:39]} 44. Ne2 {[%emt 0:00:42]} h5 {[%emt 0:01:04]} 45. Nd4 {[%emt 0:01:24]} a6 {[%emt 0:00:34]} 46. Nc6 {[%emt 0:00:10]} Nd2+ {[%emt 0:00:40]} 0-1

[Event "GX Alekhine Open de Inverno 2023"]
[Site "Lisboa, Portugal"]
[Date "????.??.??"]
[Round "7.3"]
[White "Morais, Vitor Mestre"]
[Black "Gorgojo Freijo, Diego"]
[Result "0-1"]
[WhiteElo "1716"]
[BlackElo "1874"]
[PlyCount "74"]
[Source "Analyze This Pro"]

1. c4 {[%emt 0:00:05]} d6 {[%emt 0:00:38]} 2. Nc3 {[%emt 0:00:13]} g6 {[%emt 0:01:03]} 3. g3 {[%emt 0:00:07]} Bg7 {[%emt 0:00:28]} 4. Bg2 {[%emt 0:00:09]} e5 {[%emt 0:04:36]} 5. e3 {[%emt 0:00:06]} f5 {[%emt 0:08:57]} 6. Nge2 {[%emt 0:00:07]} Nf6 {[%emt 0:06:12]} 7. d3 {[%emt 0:00:08]} c6 {[%emt 0:02:10]} 8. O-O {[%emt 0:00:08]} O-O {[%emt 0:04:40]} 9. Rb1 {[%emt 0:00:13]} Rf7 {[%emt 0:06:18]} 10. b4 {[%emt 0:00:16]} d5 {[%emt 0:01:41]} 11. cxd5 {[%emt 0:01:17]} cxd5 {[%emt 0:00:50]} 12. d4 {[%emt 0:00:10]} e4 {[%emt 0:01:24]} 13. a4 {[%emt 0:00:17]} Nc6 {[%emt 0:04:26]} 14. Ba3 {[%emt 0:00:57]} Bf8 {[%emt 0:00:55]} 15. Qb3 {[%emt 0:00:02]} a5 {[%emt 0:04:34]} 16. b5 {[%emt 0:00:28]} Nb4 {[%emt 0:00:24]} 17. Na2 {[%emt 0:01:15]} Nd3 {[%emt 0:01:16]} 18. Bxf8 {[%emt 0:00:45]} Qxf8 {[%emt 0:09:16]} 19. Nec1 {[%emt 0:00:22]} Nb4 20. Nxb4 {[%emt 0:06:52]} axb4 {[%emt 0:00:28]} 21. Na2 {[%emt 0:00:12]} Nd7 {[%emt 0:01:22]} 22. Nxb4 {[%emt 0:00:46]} Nb6 {[%emt 0:00:13]} 23. Ra1 {[%emt 0:01:57]} Nc4 {[%emt 0:01:14]} 24. Rfd1 {[%emt 0:01:09]} Be6 {[%emt 0:00:56]} 25. Bf1 {[%emt 0:00:14]} Rc7 {[%emt 0:03:59]} 26. Rac1 {[%emt 0:00:45]} Rac8 {[%emt 0:00:42]} 27. Na2 {[%emt 0:04:36]} f4 {[%emt 0:07:22]} 28. exf4 {[%emt 0:04:19]} Bg4 {[%emt 0:04:10]} 29. Re1 {[%emt 0:00:11]} Qf5 {[%emt 0:02:52]} 30. Bg2 {[%emt 0:01:48]} Nd2 {[%emt 0:02:07]} 31. Qe3 {[%emt 0:08:59]} Nf3+ {[%emt 0:01:20]} 32. Kh1 {[%emt 0:00:10]} Qh5 {[%emt 0:03:56]} 33. h4 {[%emt 0:01:00]} Nxe1 {[%emt 0:00:14]} 34. Rxe1 {[%emt 0:03:32]} Rc2 {[%emt 0:02:53]} 35. Qb3 {[%emt 0:00:10]} Bf3 {[%emt 0:01:00]} 36. Kg1 {[%emt 0:00:46]} Bxg2 {[%emt 0:00:20]} 37. Kxg2 {[%emt 0:00:10]} Qf3+ {[%emt 0:00:06]} 0-1